Discurso leido en la apertura del curso académico de 1894 a 95 / (Registro nro. 154571)
[ vista simple ]
| 000 -LEADER | |
|---|---|
| campo de control de longitud fija | 00804nam a22001815i 4500 |
| 001 - NÚMERO DE CONTROL | |
| campo de control | 154571 |
| 003 - IDENTIFICADOR DE NÚMERO DE CONTROL | |
| campo de control | ES-MaACL |
| 005 - FECHA Y HORA DE LA ÚLTIMA TRANSACCIÓN | |
| campo de control | 20230906205800.0 |
| 008 - DATOS DE LONGITUD FIJA--INFORMACIÓN GENERAL | |
| campo de control de longitud fija | 961110s1894 sp |||| | spa d |
| 040 ## - FUENTE DE CATALOGACIÓN | |
| Centro catalogador/agencia de origen | CLM |
| Lengua de catalogación | spa |
| Centro/agencia transcriptor | CCPB | SIC |
| 100 1# - ENTRADA PRINCIPAL--NOMBRE DE PERSONA | |
| Nombre de persona | González Domingo, Cecilio. |
| 9 (RLIN) | 127404 |
| 245 10 - MENCIÓN DEL TÍTULO | |
| Título | Discurso leido en la apertura del curso académico de 1894 a 95 / |
| Mención de responsabilidad, etc. | por Cecilio González Domingo. |
| 260 ## - PUBLICACIÓN, DISTRIBUCIÓN, ETC. | |
| Lugar de publicación, distribución, etc. | Salamanca : |
| Nombre del editor, distribuidor, etc. | [s.n.], |
| Fecha de publicación, distribución, etc. | 1894 ( |
| Fabricante | Imprenta de Francisco Nuñez Izquierdo) |
| 300 ## - DESCRIPCIÓN FÍSICA | |
| Extensión | 51 p. ; |
| Dimensiones | 31 cm. |
| 594 #1 - Nota al título y mención de responsabilidad | |
| Nota al título y mención de responsabilidad | Precede al tít : Universidad literaria de Salamanca. |
| 710 21 - ENTRADA AGREGADA--NOMBRE DE ENTIDAD CORPORATIVA | |
| Nombre de entidad corporativa o nombre de jurisdicción como elemento de entrada | Universidad Literaria de Salamanca. |
| 9 (RLIN) | 7390 |
| 852 ## - LOCALIZACIÓN | |
| Ubicación | ES-MaACL |
| Número de control de estantería | T-775-F-5 |
| Nota libre | -- Enc. hol., conservando la cub. original |
| -- | -- Ex-libris ms. de la Universidad Literaria de Salamanca |
| -- | -- Enc. en un vol. facticio |
| Estatus retirado | Estado de pérdida | Estado de daño | No para préstamo | Colección | Biblioteca de origen | Biblioteca actual | Ubicación en estantería | Fecha de adquisición | Total de préstamos | Signatura topográfica completa | Código de barras | Visto por última vez | Precio de reemplazo | Tipo de ítem Koha |
|---|---|---|---|---|---|---|---|---|---|---|---|---|---|---|
| Colección de folletos | Biblioteca del Ateneo de Madrid | Biblioteca del Ateneo de Madrid | Depósito folletos | 17/01/2008 | T-775-F-5 | 1161661 | 23/02/2023 | 23/02/2023 | Folleto |
